Miftāḥ al-saʻādah wa-miṣbāḥ al-siyādah : fī mawḍūʻāt al-ʻulūm /

محفوظ في:

المؤلف الرئيسي: Ṭāshkubrīʹzādah, Aḥmad ibn Muṣṭafá,‪ 1495-1561 (مؤلف)

مؤلفون آخرون: Abū al-Nūr, ʻAbd al-Wahhāb ʻAbd al-Salām., Bakrī, Kāmil Kāmil.

التنسيق: كتاب

اللغة: Arabic

الموضوعات:

الوسوم: إضافة وسم

لا توجد وسوم, كن أول من يضع وسما على هذه التسجيلة!

رقم الطلب: muft-ah al-sa'-adah wa-misb-ah al-s-iyadah fi mawd-u'-at al-'ul-um

LEADER 01828nam a2200265Ia 4500
005 20200322150838.0
008 130303s1968 ua g b 001 0 ara d
952 |0 0  |1 0  |2 lcc  |4 0  |7 1  |9 27898  |a ARCE  |b ARCE  |d 2022-01-25  |l 0  |r 2022-01-25 00:00:00  |w 2022-01-25  |y BK 
999 |c 25378  |d 25378 
050 |a muft-ah al-sa'-adah wa-misb-ah al-s-iyadah fi mawd-u'-at al-'ul-um 
100 1 |6 880-01  |a Ṭāshkubrīʹzādah, Aḥmad ibn Muṣṭafá,‪  |d 1495-1561,  |e author.  |9 40885 
245 1 0 |6 880-02  |a Miftāḥ al-saʻādah wa-miṣbāḥ al-siyādah :  |b fī mawḍūʻāt al-ʻulūm /  |c taʾlīf Aḥmad ibn Muṣṭafā al-Shahīr bi-Ṭāsh Kubrīʹzādah ; murājaʻat wa-taḥqīq Kāmil Kāmil Bakrī, ʻAbd al-Wahhāb Abū al-Nūr. 
264 1 |a [Cairo :  |b Dār al-Kutub al-Ḥadīthah],  |c 1968 
300 |a 4 volumes ;  |c 24 cm 
336 |a text  |b txt  |2 rdacontent 
337 |a unmediated  |b n  |2 rdamedia 
338 |a volume  |b nc  |2 rdacarrier 
500 |a Volumes 2-3 have added title pages : Miftaḥ as-saʻādah wa-miṣbāḥ as-siyādah fī mawḍuʻāt al-ʻulūm, by Aḥmad b Muṣṭafā (Tāsh Kubrī Zadah). 
504 |a Includes bibliographical references and index.  
650 0 |a Encyclopedias and dictionaries  |v Early works to 1800. 
700 1 |a Abū al-Nūr, ʻAbd al-Wahhāb ʻAbd al-Salām. 
700 1 |a Bakrī, Kāmil Kāmil. 
880 1 |6 100-01/(3/r  |a طاشكبريزادة، أحمد بن مصطفى،‪‪‪‪‪‪‪‪  |d 1495-1561. 
880 1 0 |a 6245-02/(3/r  |a مفتاح السعادة و مصباح السيادة :‪‪‪‪‪‪‪‪  |b في موضوعات العلوم /‪‪‪‪‪‪‪‪  |c تأليف أحمد بن مصطفى الشهير بطاش كبري زاده ؛ مراجعة و تحقيق كامل كامل بكري، عبد الوهاب ابو النور.‪‪‪‪‪‪‪‪ 
942 |c BK  |2 lcc